000
00287nam a22001097a 4500
040
_c
SY
082
_a
186
100
_a
SONGLKLA
245
_a
Citrus varieties and their cultivation, ដំណាំក្រូចនិងពូជក្រូច
260
_a
RUA
_b
SON
_c
1997
942
_c
KB
999
_c
9178
_d
9178